| 000 | 00824nam a2200253 i 4500 | ||
|---|---|---|---|
| 001 | 15205 | ||
| 003 | ES-MaACL | ||
| 005 | 20230906151021.0 | ||
| 007 | t| | ||
| 008 | 000118s1999 sp ||||1| spa d | ||
| 020 | _a84-7702-263-1 | ||
| 080 | _a910.4(100)"17" | ||
| 100 | 1 |
_aDefoe, Daniel. _943204 |
|
| 245 | 1 | 0 |
_aHistoria general de los robos y asesinatos de los más famosos piratas / _cDaniel Defoe ; traducción de Francisco Torres Oliver. |
| 250 | _a3ª ed. | ||
| 260 |
_aMadrid : _bValdemar, _c1999. |
||
| 300 |
_a745 p., [4] p. de lám. ; _c22 cm. |
||
| 490 | 1 |
_aValdemar/histórica ; _v8 |
|
| 650 | 4 |
_aPiratas- _xHistoria. _9164236 |
|
| 700 | 1 |
_aTorres Oliver, Francisco, _d1935- _9110996 |
|
| 830 | 1 |
_aValdemar/histórica ; _v8 _9228562 |
|
| 852 | 4 |
_aES-MaACL _jL-22346 |
|
| 999 |
_c15205 _d15205 |
||